[Event "12th Arad Open 2019"]
[Site "Arad ROU"]
[Date "2019.07.25"]
[Round "3.34"]
[White "Palii, Alex"]
[Black "Patrascu, Catalin  Lucian"]
[Result "0-1"]
[WhiteElo "1875"]
[BlackElo "2292"]
[PlyCount "86"]
[EventDate "2019.07.24"]

1. e4 e5 2. Bc4 Nf6 3. d3 Bc5 4. Nf3 Nc6 5. Nc3 O-O 6. Bg5 Be7 7. O-O d6 8. h3
h6 9. Be3 Na5 10. Qd2 Nxc4 11. dxc4 Be6 12. b3 Nd7 13. Nh2 Kh7 14. Rad1 Bg5 15.
Bxg5 Qxg5 16. Qxg5 hxg5 17. Nf3 f6 18. g4 Nc5 19. Ne1 a6 20. f3 Rac8 21. Rd2
Kg6 22. Kh2 Kf7 23. Kg3 Rfd8 24. Ng2 c6 25. a4 a5 26. Rfd1 Ke7 27. Ne3 g6 28.
Rh2 Rh8 29. Rhd2 Rcd8 30. Rh2 Bf7 31. Rhd2 Ne6 32. Rh2 Nf4 33. Rdd2 Be6 34. Rd1
Rh7 35. Rdh1 Rh4 36. Rd2 Rdh8 37. Rdh2 Kd7 38. Ng2 Nxg2 39. Rxg2 f5 40. Rgh2
Kc7 41. Rd2 fxg4 42. fxg4 Bxg4 43. Rdh2 Be6 0-1

[Event "12th Arad Open 2019"]
[Site "Arad ROU"]
[Date "2019.07.24"]
[Round "1.5"]
[White "Palii, Alex"]
[Black "David, Alexandru-Vasile"]
[Result "0-1"]
[WhiteElo "1875"]
[BlackElo "2428"]
[PlyCount "66"]
[EventDate "2019.07.24"]

1. e4 Nf6 2. e5 Nd5 3. d4 d6 4. Nf3 g6 5. Bc4 Nb6 6. Bb3 Bg7 7. O-O O-O 8. Bf4
Nc6 9. c3 Bg4 10. exd6 cxd6 11. Nbd2 e5 12. dxe5 Nxe5 13. h3 Nd3 14. hxg4 Nxf4
15. Ne4 d5 16. Ng3 Nc4 17. Qc2 Qc8 18. Bxc4 dxc4 19. g5 Qc7 20. Ne2 Nd3 21.
Nfd4 Qc5 22. f4 Rfe8 23. Rf3 Re4 24. Raf1 Rae8 25. Kh1 Qa5 26. Ng3 Ne1 27. Qb1
R4e7 28. R3f2 Nd3 29. Re2 Bxd4 30. Rxe7 Rxe7 31. cxd4 Qd2 32. b3 c3 33. d5 c2
0-1

[Event "ch-ROU U18 2019"]
[Site "Calimanesti-Caciulata ROU"]
[Date "2019.04.22"]
[Round "9.8"]
[White "Palii, Alex"]
[Black "Ciorica, Mihai Vlad"]
[Result "0-1"]
[WhiteElo "1790"]
[BlackElo "2096"]
[PlyCount "82"]
[EventDate "2019.04.15"]

1. e4 d5 2. exd5 Nf6 3. Bb5+ Bd7 4. Bxd7+ Qxd7 5. c4 c6 6. dxc6 Qxc6 7. Nf3
Qxc4 8. d3 Qb4+ 9. Nc3 Nc6 10. O-O e6 11. a3 Qb6 12. Be3 Qxb2 13. Na4 Qb5 14.
Rb1 Qa6 15. Nc5 Bxc5 16. Bxc5 b6 17. Be3 O-O 18. Nd4 Nxd4 19. Bxd4 Qxa3 20.
Bxf6 gxf6 21. d4 Rfd8 22. Rb3 Qd6 23. Qg4+ Kf8 24. Rd1 Qd5 25. Rf3 Qg5 26. Qe4
Rd5 27. h4 Qh6 28. Qc2 Rad8 29. Qc7 R5d7 30. Qc3 f5 31. Rg3 Qxh4 32. Qa3+ Qe7
33. Qe3 Rd5 34. Qh6+ Ke8 35. Qf4 Kd7 36. Rc3 Rc8 37. Rdc1 Rxc3 38. Rxc3 Qd6 39.
Qg5 Rxd4 40. g3 Rd1+ 41. Kg2 Qd5+ 0-1

[Event "ch-ROU U18 2019"]
[Site "Calimanesti-Caciulata ROU"]
[Date "2019.04.21"]
[Round "8.12"]
[White "Antone, Eduard-Karim"]
[Black "Palii, Alex"]
[Result "0-1"]
[WhiteElo "1337"]
[BlackElo "1790"]
[PlyCount "102"]
[EventDate "2019.04.15"]

1. e4 c5 2. Nf3 e6 3. d4 cxd4 4. Nxd4 a6 5. c4 Nf6 6. Nc3 Qc7 7. a3 b6 8. Be3
Bb7 9. f3 Be7 10. Be2 Nc6 11. Rc1 O-O 12. b4 Ne5 13. Na4 Rfc8 14. O-O Qd8 15.
Nb3 Rc6 16. Nd4 Rcc8 17. Nb3 b5 18. Nb6 Nxc4 19. Bxc4 bxc4 20. Na5 Bc6 21. Nxc6
Rxc6 22. Nxa8 Qxa8 23. Rf2 d5 24. exd5 Nxd5 25. Bd4 Bg5 26. Rb1 Qb8 27. Qa4 Qc8
28. b5 axb5 29. Qxb5 Bf4 30. Qb7 Qe8 31. Rc2 Rc8 32. Qb2 e5 33. Re1 f6 34. g3
Qg6 35. Bf2 h5 36. Kh1 Qd3 37. Kg2 Be3 38. Rce2 Bxf2 39. Kxf2 c3 40. Qc2 Qd4+
41. Kg2 Rb8 42. Qe4 Ra8 43. Ra2 Ra7 44. Raa1 Qc5 45. Red1 Ne3+ 46. Kh3 Nxd1 47.
Rxd1 Qc8+ 48. Kh4 Rxa3 49. Kxh5 c2 50. Rc1 Qh3+ 51. Qh4 Qf5+ 0-1

[Event "ch-ROU U18 2019"]
[Site "Calimanesti-Caciulata ROU"]
[Date "2019.04.20"]
[Round "7.8"]
[White "Palii, Alex"]
[Black "Bobocea, Laurentiu-Vlad"]
[Result "0-1"]
[WhiteElo "1790"]
[BlackElo "2021"]
[PlyCount "98"]
[EventDate "2019.04.15"]

1. e4 c5 2. c3 Nf6 3. e5 Nd5 4. d4 cxd4 5. cxd4 d6 6. Bc4 Nb6 7. Bb3 dxe5 8.
dxe5 Qxd1+ 9. Bxd1 Nc6 10. f4 f6 11. Nf3 fxe5 12. fxe5 g6 13. O-O Bg7 14. Re1
Nc4 15. Ba4 Bg4 16. Nbd2 Nxd2 17. Bxd2 Bxf3 18. gxf3 O-O-O 19. Bc3 Rhf8 20.
Bxc6 bxc6 21. Kg2 Rd3 22. Rf1 Rf5 23. Rae1 Rd5 24. f4 Kd8 25. Kg3 Bh6 26. Rf3
Bxf4+ 27. Kg2 e6 28. Re4 Bd2 29. Ra4 Rxf3 30. Kxf3 Bxc3 31. bxc3 Rxe5 32. Rxa7
Rh5 33. Ke4 Rxh2 34. Ke5 Kc8 35. Kd6 g5 36. Kxc6 Kb8 37. Rg7 h6 38. Kd6 Rxa2
39. Kxe6 Rc2 40. Kf5 Rxc3 41. Rh7 Rh3 42. Kg6 Kc8 43. Re7 Kd8 44. Ra7 g4 45.
Kf5 h5 46. Kg5 g3 47. Ra3 Kd7 48. Kf4 h4 49. Kf3 g2+ 0-1

[Event "ch-ROU U18 2019"]
[Site "Calimanesti-Caciulata ROU"]
[Date "2019.04.19"]
[Round "6.4"]
[White "Ileana, George"]
[Black "Palii, Alex"]
[Result "1-0"]
[WhiteElo "2352"]
[BlackElo "1790"]
[PlyCount "87"]
[EventDate "2019.04.15"]

1. e4 c5 2. Nf3 e6 3. d4 cxd4 4. Nxd4 a6 5. c4 Nf6 6. Nc3 Qc7 7. a3 b6 8. Be3
Bb7 9. f3 d6 10. Be2 Be7 11. Rc1 Nbd7 12. O-O Rc8 13. b4 Qb8 14. Kh1 h6 15. Nb3
O-O 16. Qd2 Rfd8 17. Rfd1 Ba8 18. Bf1 Ne5 19. Na4 Ned7 20. Qf2 b5 21. Ba7 Qb7
22. Na5 Qc7 23. Bb6 Qb8 24. cxb5 Nxb6 25. Qxb6 axb5 26. Qxb5 Qa7 27. Qb6 Qxb6
28. Nxb6 Rxc1 29. Rxc1 d5 30. e5 Ne8 31. Bb5 Bg5 32. Rc2 d4 33. Bd3 f6 34. Nac4
Bd5 35. a4 Bxc4 36. Nxc4 Nc7 37. Nb6 Nd5 38. Nxd5 Rxd5 39. g3 fxe5 40. a5 Be7
41. a6 Rd7 42. b5 Bd8 43. Rc8 Kf7 44. Rxd8 1-0

[Event "ch-ROU U18 2019"]
[Site "Calimanesti-Caciulata ROU"]
[Date "2019.04.18"]
[Round "5.10"]
[White "Palii, Alex"]
[Black "Popa, Eduard-Adrian"]
[Result "1-0"]
[WhiteElo "1790"]
[BlackElo "1902"]
[PlyCount "35"]
[EventDate "2019.04.15"]

1. e4 g6 2. d4 Bg7 3. Bc4 c6 4. Nc3 e5 5. dxe5 Bxe5 6. Nf3 Bg7 7. Bg5 Qa5 8.
O-O Qc5 9. Qd3 Nf6 10. e5 Ng4 11. Ne4 Qa5 12. Nd6+ Kf8 13. Nxc8 h6 14. Qd6+ Kg8
15. Ne7+ Kh7 16. Bxf7 Rf8 17. Qxg6+ Kh8 18. Bf6 1-0

[Event "Campionatele Nationale de sah pentru co"]
[Site "Calimanesti-Caciulata"]
[Date "2019.04.17"]
[Round "3.12"]
[White "Palii, Alex"]
[Black "David, Cristian"]
[Result "1-0"]
[WhiteElo "1790"]
[BlackElo "1926"]
[PlyCount "103"]
[EventDate "2019.04.15"]
[EventRounds "9"]

1. e4 e6 2. d4 d5 3. Nd2 Nf6 4. Bd3 c5 5. c3 Nc6 6. Ne2 Qb6 7. O-O Be7 8. e5
Nd7 9. Nf3 O-O 10. Nf4 cxd4 11. cxd4 Nb4 12. Bb1 f5 13. exf6 Nxf6 14. Re1 Re8
15. Ne5 Rf8 16. Nh5 Nc6 17. Nxf6+ Rxf6 18. Qh5 Nxe5 19. Bxh7+ Kf8 20. Qxe5 Bd6
21. Qe2 Bf4 22. Rd1 Bxc1 23. Raxc1 Bd7 24. Rc3 Ke7 25. Rg3 Raf8 26. Rxg7+ Kd8
27. Rg8 Ba4 28. b3 Bb5 29. Qe3 Rxg8 30. Bxg8 Kd7 31. Bh7 Qd8 32. Bd3 Bc6 33.
Re1 Qf8 34. h4 Qh8 35. g3 Kc7 36. Qe5+ Kb6 37. h5 Qf8 38. Re2 Qg7 39. Bg6 Qf8
40. Qg5 Bb5 41. Rc2 a6 42. a4 Bc6 43. f4 Qg7 44. Rh2 Rf8 45. Qe5 Qg8 46. Kf2
Rc8 47. Bd3 Be8 48. h6 Bg6 49. h7 Qf7 50. h8=Q Rxh8 51. Rxh8 Bxd3 52. Qd6+ 1-0

[Event "ch-ROU U18 2019"]
[Site "Calimanesti-Caciulata ROU"]
[Date "2019.04.17"]
[Round "4.10"]
[White "Panc, Samuel"]
[Black "Palii, Alex"]
[Result "1/2-1/2"]
[WhiteElo "1853"]
[BlackElo "1790"]
[PlyCount "74"]
[EventDate "2019.04.15"]

1. e4 c5 2. Nf3 e6 3. d3 d5 4. Nbd2 Nf6 5. g3 dxe4 6. dxe4 Nc6 7. Bg2 e5 8. O-O
Bg4 9. h3 Bh5 10. c3 Qd7 11. Qc2 Be7 12. a3 O-O 13. g4 Bg6 14. Nh4 Bxe4 15.
Nxe4 Nxe4 16. Bxe4 Bxh4 17. Bxh7+ Kh8 18. Bf5 Qc7 19. Qa4 Qe7 20. Bc2 Bg5 21.
Qe4 g6 22. f4 exf4 23. Bxf4 Bxf4 24. Qxf4 Qh4 25. Qf6+ Qxf6 26. Rxf6 Kg7 27.
Raf1 Ne5 28. R1f2 Rad8 29. Be4 b6 30. Kg2 Nd3 31. Bxd3 Rxd3 32. a4 Rd7 33. a5
Rb8 34. axb6 axb6 35. Rc6 Rbb7 36. b3 Rd3 37. Rf3 Rbd7 1/2-1/2

[Event "ch-ROU U18 2019"]
[Site "Calimanesti-Caciulata ROU"]
[Date "2019.04.16"]
[Round "2.8"]
[White "Muntianu, Razvan-Gavril"]
[Black "Palii, Alex"]
[Result "1-0"]
[WhiteElo "1777"]
[BlackElo "1790"]
[PlyCount "95"]
[EventDate "2019.04.15"]

1. d4 e6 2. Nf3 f5 3. g3 Nf6 4. Bg2 d5 5. O-O Bd6 6. b3 Qe7 7. c4 b6 8. a4 a5
9. Ba3 c5 10. Nc3 Bb7 11. Nb5 Nbd7 12. Rc1 O-O 13. Nxd6 Qxd6 14. dxc5 bxc5 15.
Nd4 Qe5 16. Nb5 f4 17. Qd3 dxc4 18. Rxc4 Bxg2 19. Kxg2 fxg3 20. hxg3 Nd5 21.
Re4 Qf5 22. Nd6 Qg6 23. Nc4 Rf5 24. Ne3 Nxe3+ 25. Qxe3 Re8 26. Rd1 Qf7 27. g4
Rf6 28. Bxc5 Nxc5 29. Qxc5 Qb7 30. Qe3 Rg6 31. f3 h5 32. g5 e5 33. Rxe5 Rxe5
34. Qxe5 Qxb3 35. Qd5+ Qxd5 36. Rxd5 Ra6 37. f4 g6 38. e4 Kf7 39. f5 Kg7 40.
Rd7+ Kf8 41. Kg3 gxf5 42. exf5 Rc6 43. Kh4 Rc4+ 44. Kxh5 Rxa4 45. Kg6 Rf4 46.
f6 Ke8 47. Ra7 a4 48. Kg7 1-0

[Event "ch-ROU U18 2019"]
[Site "Calimanesti-Caciulata ROU"]
[Date "2019.04.15"]
[Round "1.6"]
[White "Palii, Alex"]
[Black "Carasca, Bogdan-Petru"]
[Result "1/2-1/2"]
[WhiteElo "1790"]
[BlackElo "2221"]
[PlyCount "114"]
[EventDate "2019.04.15"]

1. e4 c5 2. c3 d5 3. exd5 Qxd5 4. Nf3 Nf6 5. Na3 Nc6 6. Bc4 Qd8 7. O-O Bg4 8.
Be2 e6 9. Nc2 Be7 10. d4 O-O 11. Be3 cxd4 12. Ncxd4 Nxd4 13. Nxd4 Bxe2 14. Qxe2
Nd5 15. Rad1 Qa5 16. a3 Nxe3 17. Qxe3 Bf6 18. Qe2 Rfd8 19. Qb5 Qc7 20. Nf3 a6
21. Qb3 h6 22. Rxd8+ Rxd8 23. Rd1 Rd7 24. g3 Qd8 25. Rxd7 Qxd7 26. Qc4 g6 27.
Qe2 Kg7 28. h4 Qa4 29. Ne5 Qe8 30. Ng4 Qb5 31. Qd2 g5 32. Nxf6 Kxf6 33. hxg5+
hxg5 34. b4 Ke7 35. a4 Qxa4 36. Qxg5+ Kd7 37. Qd2+ Kc8 38. Qd4 Qd7 39. Qh8+ Kc7
40. Qe5+ Qd6 41. Qf6 Qd1+ 42. Kg2 Qd5+ 43. f3 Qf5 44. Qe7+ Kc6 45. Qe8+ Kb6 46.
Qd8+ Kb5 47. Qd7+ Kc4 48. Qxb7 Kxc3 49. Qxa6 Kxb4 50. Qc6 Kb3 51. g4 Qc2+ 52.
Qxc2+ Kxc2 53. f4 Kd3 54. Kf3 Kd4 55. g5 Kd3 56. f5 exf5 57. Kf4 Ke2 1/2-1/2

[Event "Campionatele Nationale de sah pentru co"]
[Site "Calimanesti-Caciulata"]
[Date "2018.04.03"]
[Round "9.8"]
[White "Cotruta, Alexandru-Mihai"]
[Black "Palii, Alex"]
[Result "1/2-1/2"]
[WhiteElo "1811"]
[BlackElo "1829"]
[PlyCount "44"]
[EventDate "2018.03.27"]
[EventRounds "9"]

1. d4 f5 2. c4 e6 3. Nc3 Nf6 4. e3 d5 5. f4 b6 6. Nf3 Bb7 7. cxd5 Nxd5 8. Nxd5
Bxd5 9. Bd2 Bd6 10. Be2 Nd7 11. Qa4 O-O 12. O-O c6 13. Bb4 c5 14. Ba3 Qe7 15.
Ne5 Nf6 16. Rac1 a6 17. dxc5 bxc5 18. Nc4 Bxc4 19. Bxc4 Nd5 20. Qb3 Rfb8 21.
Qd3 Kh8 22. Rfd1 Rd8 1/2-1/2

[Event "Campionatele Nationale de sah pentru co"]
[Site "Calimanesti-Caciulata"]
[Date "2018.04.02"]
[Round "8.10"]
[White "Palii, Alex"]
[Black "Gheorghiu, Alexandru-Dan"]
[Result "1-0"]
[WhiteElo "1829"]
[BlackElo "1779"]
[PlyCount "75"]
[EventDate "2018.03.27"]
[EventRounds "9"]

1. e4 e5 2. Nf3 Nc6 3. Bc4 Bc5 4. d3 h6 5. c3 d6 6. O-O Bb6 7. Bb3 Bg4 8. Be3
Nge7 9. h3 Bh5 10. Nbd2 O-O 11. Nc4 Kh8 12. Kh2 Bg6 13. Qd2 f5 14. Nxb6 axb6
15. Bxh6 fxe4 16. Ng5 Qd7 17. Bxg7+ Kxg7 18. Ne6+ Kh7 19. Nxf8+ Rxf8 20. dxe4
Bxe4 21. Rae1 Qf5 22. Rxe4 Ng6 23. Bc2 Qh5 24. Rg4 Nce7 25. f4 Kh8 26. Bxg6
Nxg6 27. g3 exf4 28. gxf4 Ne5 29. Rg3 Rf5 30. Qg2 Qf7 31. Rg1 Qf6 32. Rg8+ Kh7
33. Rc8 Nf7 34. Qg4 Qe6 35. Qh4+ Nh6 36. Rxc7+ Kh8 37. Qd8+ Ng8 38. Rcg7 1-0

[Event "Campionatele Nationale de sah pentru co"]
[Site "Calimanesti-Caciulata"]
[Date "2018.04.01"]
[Round "7.6"]
[White "Ghimpu, Samuel-Timotei"]
[Black "Palii, Alex"]
[Result "1-0"]
[WhiteElo "2111"]
[BlackElo "1829"]
[PlyCount "57"]
[EventDate "2018.03.27"]
[EventRounds "9"]

1. e4 e6 2. d4 d5 3. Nc3 Bb4 4. e5 c5 5. a3 Bxc3+ 6. bxc3 Ne7 7. Qg4 Ng6 8. h4
h5 9. Qg3 Nc6 10. Bd3 Nce7 11. Ne2 Qc7 12. O-O Bd7 13. Bg5 O-O-O 14. Bxg6 Nxg6
15. Bxd8 Qxd8 16. Qf3 Nxh4 17. Qxf7 g5 18. Ng3 Qe8 19. Qxe8+ Bxe8 20. f4 g4 21.
f5 Bd7 22. fxe6 Bxe6 23. Rf6 Kd7 24. Rb1 Re8 25. Rxb7+ Kc6 26. Rxa7 Kb5 27. Rc7
cxd4 28. cxd4 Kb6 29. Rh7 1-0

[Event "Campionatele Nationale de sah pentru co"]
[Site "Calimanesti-Caciulata"]
[Date "2018.03.31"]
[Round "6.9"]
[White "Palii, Alex"]
[Black "Ignat, Matei-Marius"]
[Result "1-0"]
[WhiteElo "1829"]
[BlackElo "1582"]
[PlyCount "67"]
[EventDate "2018.03.27"]
[EventRounds "9"]

1. e4 e5 2. Nf3 Nc6 3. d4 exd4 4. Nxd4 Bc5 5. Nb3 Bb6 6. Nc3 Qf6 7. Qe2 Nge7 8.
Be3 O-O 9. O-O-O d6 10. g3 Be6 11. Bg2 Bxe3+ 12. Qxe3 a5 13. Nd4 Nxd4 14. Qxd4
Qh6+ 15. f4 a4 16. Kb1 Nc6 17. Qd2 Qf6 18. Rhe1 Rfd8 19. a3 Rab8 20. Bf1 Na5
21. Nd5 Bxd5 22. Qxa5 Be6 23. Qxc7 b5 24. e5 Qh6 25. Rd2 Rbc8 26. Qb6 Bc4 27.
Bxc4 bxc4 28. Rxd6 Rxd6 29. exd6 Qh3 30. Qc6 h6 31. Qxa4 c3 32. d7 Rf8 33. Re8
Qf1+ 34. Ka2 1-0

[Event "Campionatele Nationale de sah pentru co"]
[Site "Calimanesti-Caciulata"]
[Date "2018.03.30"]
[Round "5.7"]
[White "Anghelus, Alin-Gabriel"]
[Black "Palii, Alex"]
[Result "1-0"]
[WhiteElo "2083"]
[BlackElo "1829"]
[PlyCount "65"]
[EventDate "2018.03.27"]
[EventRounds "9"]

1. d4 e6 2. Nf3 f5 3. Bf4 Nf6 4. e3 Bb4+ 5. Nbd2 b6 6. Bd3 Bb7 7. c3 Be7 8. Qc2
d6 9. O-O Nbd7 10. Ng5 Nf8 11. c4 h6 12. Ngf3 g5 13. Bg3 Nh5 14. d5 Nxg3 15.
hxg3 g4 16. Nd4 Bf6 17. dxe6 Bxd4 18. exd4 Nxe6 19. Rfe1 Kf7 20. Nb3 Qf6 21.
Bxf5 Ng5 22. d5 h5 23. Be6+ Kg7 24. Qf5 Raf8 25. Qxf6+ Rxf6 26. Nd4 Rhf8 27.
Re2 Re8 28. Bxg4 Rxe2 29. Bxe2 Bc8 30. Bxh5 Ne4 31. Bf3 Nd2 32. b3 Nxf3+ 33.
gxf3 1-0

[Event "Campionatele Nationale de sah pentru co"]
[Site "Calimanesti-Caciulata"]
[Date "2018.03.29"]
[Round "4.9"]
[White "Palii, Alex"]
[Black "Panc, Samuel"]
[Result "1/2-1/2"]
[WhiteElo "1829"]
[BlackElo "1631"]
[PlyCount "98"]
[EventDate "2018.03.27"]
[EventRounds "9"]

1. e4 c5 2. c3 d5 3. exd5 Qxd5 4. Nf3 Nf6 5. Na3 a6 6. Be2 e6 7. Nc4 Qd8 8. O-O
Be7 9. d4 O-O 10. Be3 Nd5 11. Bc1 Nc6 12. Bd3 b5 13. Nce5 Nxe5 14. Nxe5 Bb7 15.
Bb1 Qc7 16. Qd3 Nf6 17. Ng4 g6 18. Nxf6+ Bxf6 19. dxc5 Qxc5 20. Qe2 Rfd8 21.
Be4 Bxe4 22. Qxe4 Rd5 23. Be3 Qc4 24. Qf3 Bg7 25. a3 Rad8 26. g3 e5 27. Rfe1 f5
28. Bg5 R8d7 29. Qe3 Rd3 30. Qb6 R3d6 31. Qb8+ Kf7 32. Qa8 Qg4 33. Be3 g5 34.
f3 Qh5 35. a4 f4 36. gxf4 gxf4 37. Bxf4 Rd8 38. Qb7+ R6d7 39. Qxa6 exf4 40.
axb5 Rd2 41. Qe6+ Kf8 42. Re2 R2d6 43. Qe7+ Kg8 44. Rae1 Qxb5 45. Rg2 Qb6+ 46.
Kh1 Rg6 47. Qe2 Rxg2 48. Kxg2 Rb8 49. Qc4+ Kf8 1/2-1/2

[Event "Campionatele Nationale de sah pentru co"]
[Site "Calimanesti-Caciulata"]
[Date "2018.03.29"]
[Round "3.12"]
[White "Sopon, David-Paul"]
[Black "Palii, Alex"]
[Result "0-1"]
[WhiteElo "1358"]
[BlackElo "1829"]
[PlyCount "50"]
[EventDate "2018.03.27"]
[EventRounds "9"]

1. e4 c5 2. Nf3 e6 3. d4 cxd4 4. Nxd4 a6 5. c4 Qc7 6. Nc3 Nf6 7. f3 Nc6 8. Be3
Be7 9. Be2 O-O 10. g4 b6 11. g5 Nh5 12. Qd2 Nxd4 13. Bxd4 Nf4 14. h4 Bb7 15. b3
Bb4 16. a3 Be7 17. Be3 Ng2+ 18. Kf1 Nxe3+ 19. Qxe3 Bc5 20. Qc1 f5 21. gxf6 Rxf6
22. Kg2 Rg6+ 23. Kf1 Qg3 24. Nd1 Qg1+ 25. Rxg1 Rxg1# 0-1

[Event "Campionatele Nationale de sah pentru co"]
[Site "Calimanesti-Caciulata"]
[Date "2018.03.28"]
[Round "2.6"]
[White "Palii, Alex"]
[Black "Talu, Mircea"]
[Result "0-1"]
[WhiteElo "1829"]
[BlackElo "2034"]
[PlyCount "68"]
[EventDate "2018.03.27"]
[EventRounds "9"]

1. e4 c5 2. c3 Nf6 3. e5 Nd5 4. d4 cxd4 5. cxd4 Nc6 6. Nf3 d6 7. Bc4 Nb6 8. Bb3
dxe5 9. Nxe5 e6 10. Nxc6 bxc6 11. O-O Be7 12. Nc3 O-O 13. Be3 Ba6 14. Re1 Rc8
15. Ne4 Bc4 16. Qc2 Bxb3 17. axb3 a5 18. Nc5 Nd5 19. Bd2 Nb4 20. Bxb4 axb4 21.
Qc4 Qd5 22. Qxb4 Rb8 23. Qc3 Bxc5 24. Qxc5 Rxb3 25. Ra6 Rc8 26. Rc1 Rxb2 27.
Kf1 Qe4 28. Kg1 Qe2 29. Qxc6 Qxf2+ 30. Kh1 Qxg2+ 31. Qxg2 Rxc1+ 32. Qg1 Rxg1+
33. Kxg1 g6 34. Ra5 Rd2 0-1

[Event "Campionatele Nationale de sah pentru co"]
[Site "Calimanesti-Caciulata"]
[Date "2018.03.27"]
[Round "1.16"]
[White "Antone, Eduard-Karim"]
[Black "Palii, Alex"]
[Result "0-1"]
[WhiteElo "1004"]
[BlackElo "1829"]
[PlyCount "78"]
[EventDate "2018.03.27"]
[EventRounds "9"]

1. e4 c5 2. Nf3 e6 3. d4 cxd4 4. Nxd4 a6 5. Bc4 b5 6. Bb3 Bb7 7. Nd2 Qc7 8. O-O
Nf6 9. Re1 Bc5 10. N4f3 O-O 11. Qe2 Nc6 12. e5 Ng4 13. Ne4 Ncxe5 14. Nxe5 Qxe5
15. Qxg4 f5 16. Qg3 f4 17. Qc3 Bd4 18. Qf3 d5 19. c3 Bb6 20. Bc2 Rad8 21. Bd2
dxe4 22. Bxe4 Bxf2+ 23. Kxf2 Rxd2+ 24. Kf1 Bxe4 25. Rxe4 Qf5 26. b4 g5 27. h3
Rfd8 28. Re2 Rxe2 29. Qxe2 Qd3 30. Rc1 Kf7 31. Kf2 Qxe2+ 32. Kxe2 Rc8 33. Kf3
Kf6 34. g3 Kf5 35. gxf4 gxf4 36. Kg2 e5 37. Rd1 Rxc3 38. Rd7 Rc2+ 39. Kf3 e4#
0-1

[Event "Campionatul National de sah al Romaniei"]
[Site "Baile Felix"]
[Date "2017.02.09"]
[Round "9.16"]
[White "Panc, Samuel"]
[Black "Palii, Alex"]
[Result "1/2-1/2"]
[WhiteElo "1542"]
[BlackElo "1809"]
[PlyCount "47"]
[EventDate "2017.02.02"]
[EventRounds "9"]

1. d4 e6 2. Nf3 Nf6 3. e3 b6 4. Bd3 Bb7 5. Nbd2 d5 6. b3 Be7 7. Bb2 O-O 8. O-O
c5 9. c4 Nbd7 10. Re1 Ne4 11. Re2 f5 12. Ne1 Qe8 13. f3 Nxd2 14. Qxd2 Nf6 15.
Rc1 Qh5 16. f4 Ne4 17. Bxe4 dxe4 18. Qd1 Qg6 19. Rd2 cxd4 20. Bxd4 Rfd8 21. Nc2
Bf6 22. Qe2 Bh4 23. Nb4 Qf6 24. Rcd1 1/2-1/2

[Event "Campionatul National de sah al Romaniei"]
[Site "Baile Felix"]
[Date "2017.02.08"]
[Round "8.12"]
[White "Dumitru, Matei-Ioan"]
[Black "Palii, Alex"]
[Result "1-0"]
[WhiteElo "1941"]
[BlackElo "1809"]
[PlyCount "73"]
[EventDate "2017.02.02"]
[EventRounds "9"]

1. e4 d5 2. exd5 Qxd5 3. Nc3 Qd6 4. d4 c6 5. Nf3 Bg4 6. Be3 Nf6 7. h3 Bh5 8. g4
Bg6 9. Ne5 e6 10. Nxg6 hxg6 11. Qf3 Nbd7 12. O-O-O Qc7 13. Kb1 Bd6 14. Bc1 Nb6
15. g5 Nfd5 16. Ne4 Bf4 17. c4 Bxc1 18. Rxc1 Nf4 19. c5 Nbd5 20. Nd6+ Ke7 21.
Bc4 Raf8 22. Rce1 Rh4 23. Re4 Rfh8 24. Bxd5 cxd5 25. Rxf4 Rxf4 26. Qxf4 Rf8 27.
h4 b6 28. Rc1 bxc5 29. dxc5 f6 30. gxf6+ Rxf6 31. Qa4 Rf8 32. Nb5 Qe5 33. Qxa7+
Kd8 34. c6 Qf5+ 35. Ka1 Rf7 36. Qb8+ Ke7 37. c7 1-0

[Event "Campionatul National de sah al Romaniei"]
[Site "Baile Felix"]
[Date "2017.02.07"]
[Round "7.13"]
[White "Palii, Alex"]
[Black "David, Cristian"]
[Result "1/2-1/2"]
[WhiteElo "1809"]
[BlackElo "1873"]
[PlyCount "95"]
[EventDate "2017.02.02"]
[EventRounds "9"]

1. e4 e6 2. Nf3 d5 3. e5 c5 4. b4 cxb4 5. a3 Nc6 6. axb4 Bxb4 7. c3 Be7 8. d4
h5 9. h4 Nh6 10. Bd3 Nf5 11. g3 a6 12. O-O Bd7 13. Re1 g6 14. Ng5 b5 15. Bxf5
gxf5 16. Nh3 Qb6 17. Nf4 O-O-O 18. Na3 Na5 19. Re2 Bc6 20. Rea2 Rdg8 21. Kh2
Nb7 22. Nxh5 Qd8 23. Nc2 a5 24. Nb4 Kd7 25. Nxc6 Kxc6 26. Kg2 Rg4 27. Nf6 Bxf6
28. exf6 Rhxh4 29. Kf3 Rh2 30. Qf1 Re4 31. Rb1 Qb6 32. Bf4 Rxf4+ 33. Kxf4 Nd6
34. Kf3 Ne4 35. Qc1 e5 36. Qe3 f4 37. Qe1 fxg3 38. c4 Qxd4 39. cxd5+ Kd7 40.
Qxe4 Rxf2+ 41. Rxf2 Qxf2+ 42. Kg4 Qxf6 43. Rxb5 g2 44. Rb7+ Kc8 45. Rb1 g1=R+
46. Rxg1 Qg7+ 47. Kf3 Qxg1 48. Qf5+ 1/2-1/2

[Event "Campionatul National de sah al Romaniei"]
[Site "Baile Felix"]
[Date "2017.02.06"]
[Round "6.15"]
[White "Coman, Andrei-Alexandru"]
[Black "Palii, Alex"]
[Result "1/2-1/2"]
[WhiteElo "1772"]
[BlackElo "1809"]
[PlyCount "95"]
[EventDate "2017.02.02"]
[EventRounds "9"]

1. d4 Nf6 2. Nf3 e6 3. e3 b6 4. Bd3 Bb7 5. Nbd2 d5 6. O-O Be7 7. b3 c5 8. Bb2
Nc6 9. Qe2 O-O 10. Ne5 cxd4 11. exd4 Nxe5 12. dxe5 Nd7 13. Rfe1 Re8 14. Rac1
Bf8 15. Qg4 g6 16. Re3 Bh6 17. f4 Rc8 18. Nf3 Nc5 19. h4 Ba6 20. Bxa6 Nxa6 21.
h5 Bf8 22. hxg6 fxg6 23. Bd4 Nb4 24. c3 Nc6 25. Rd1 Nxd4 26. cxd4 Ba3 27. Ng5
Qd7 28. Rh3 Re7 29. Qe2 Bc1 30. g3 Rc3 31. Rd3 Qc8 32. Rh2 Rec7 33. Rxc3 Rxc3
34. Nxh7 Be3+ 35. Kg2 Rc2 36. Nf6+ Kf7 37. Rh7+ Kf8 38. Rh8+ Ke7 39. Rxc8 Rxe2+
40. Kf3 Re1 41. Rc7+ Kf8 42. Rxa7 Bxd4 43. Ra8+ Kf7 44. Ra7+ Kf8 45. Rb7 Rf1+
46. Kg4 Rg1 47. Kh3 Bf2 48. Rb8+ 1/2-1/2

[Event "Campionatul National de sah al Romaniei"]
[Site "Baile Felix"]
[Date "2017.02.05"]
[Round "4.14"]
[White "Apahidean, Ioan"]
[Black "Palii, Alex"]
[Result "1-0"]
[WhiteElo "1701"]
[BlackElo "1809"]
[PlyCount "66"]
[EventDate "2017.02.02"]
[EventRounds "9"]

1. e4 c5 2. Nf3 e6 3. c4 Qc7 4. Nc3 a6 5. Be2 Nc6 6. O-O g6 7. d4 cxd4 8. Nxd4
Bg7 9. Be3 Nge7 10. Rc1 O-O 11. Qd2 Rd8 12. Rfd1 d6 13. Nd5 exd5 14. cxd5 Qd7
15. dxc6 bxc6 16. Nb3 Qc7 17. Bf4 Be6 18. Bc4 Bxc4 19. Rxc4 Be5 20. Bxe5 dxe5
21. Qc2 Rxd1+ 22. Qxd1 Rd8 23. Qc2 Qb6 24. g3 Rd6 25. Rc5 f6 26. Qc4+ Kg7 27.
Ra5 Qd8 28. Rxa6 Rd1+ 29. Kg2 h5 30. Ra7 Rd6 31. Nc5 Kh6 32. Qf7 Rd2 33. Qxf6
Qd4 1-0

[Event "Campionatul National de sah al Romaniei"]
[Site "Baile Felix"]
[Date "2017.02.05"]
[Round "5.16"]
[White "Palii, Alex"]
[Black "Gotsman, Szabolcs-Mihaly"]
[Result "1-0"]
[WhiteElo "1809"]
[BlackElo "1260"]
[PlyCount "61"]
[EventDate "2017.02.02"]
[EventRounds "9"]

1. e4 c5 2. c3 e6 3. d4 cxd4 4. cxd4 d6 5. Nf3 a6 6. Bd3 g6 7. O-O Bg7 8. Bg5
Qc7 9. Nc3 Nd7 10. Rc1 Qb6 11. Qa4 Ngf6 12. e5 dxe5 13. dxe5 Nd5 14. Nxd5 exd5
15. Be3 Qe6 16. Bc5 Qc6 17. Qd4 Nxc5 18. Rxc5 Qe6 19. Rxd5 O-O 20. Rd8 Qxa2 21.
Rxf8+ Bxf8 22. Bc4 Qa5 23. Ng5 Qc5 24. Bxf7+ Kh8 25. Qh4 h5 26. Bxg6 Bh6 27.
Qxh5 Qf8 28. Nf7+ Kg8 29. Nxh6+ Kh8 30. Nf7+ Kg7 31. Qh7# 1-0

[Event "Campionatul National de sah al Romaniei"]
[Site "Baile Felix"]
[Date "2017.02.04"]
[Round "3.10"]
[White "Palii, Alex"]
[Black "Paraschiv, Paul-Alexandru"]
[Result "0-1"]
[WhiteElo "1809"]
[BlackElo "2007"]
[PlyCount "52"]
[EventDate "2017.02.02"]
[EventRounds "9"]

1. e4 e6 2. Nf3 d5 3. e5 c5 4. b4 cxb4 5. a3 b3 6. c3 Qb6 7. Bb2 Nc6 8. d4 Bd7
9. Nbd2 Na5 10. a4 Rc8 11. Bd3 Nh6 12. O-O Be7 13. Qe2 O-O 14. c4 dxc4 15. Nxc4
Nxc4 16. Bxc4 Bc6 17. a5 Qc7 18. Rfc1 a6 19. d5 exd5 20. Bxd5 Qd7 21. Bxb3 Qg4
22. Kh1 Nf5 23. Rc4 Qg6 24. h3 Bb5 25. Qe4 Bxc4 26. Bxc4 Ng3+ 0-1